Chapman Library

Theological dictionary of the Old Testament (Record no. 2581)

000 -LEADER
fixed length control field 00440nam a22001457a 4500
020 ## - INTERNATIONAL STANDARD BOOK NUMBER
ISBN 0802823386
050 ## - LIBRARY OF CONGRESS CALL NUMBER
Classification number REF BS 440 the
100 ## - MAIN ENTRY--AUTHOR NAME
Personal name Gerhard Johannes Botterweck ..... editor
245 ## - TITLE STATEMENT
Title Theological dictionary of the Old Testament
260 ## - PUBLICATION, DISTRIBUTION, ETC. (IMPRINT)
Place of publication Grand Rapids (Mich.)
Name of publisher W.B. Eerdmans
Year of publication 1975
300 ## - PHYSICAL DESCRIPTION
Number of Pages 488p.
490 ## - SERIES STATEMENT
Series statement Bible O T - Dictionaries-Hebrew
700 ## - ADDED ENTRY--PERSONAL NAME
Personal name Helmer Ringgren; John Thomas Willis ... editors
942 ## - ADDED ENTRY ELEMENTS (KOHA)
Koha item type Books
Holdings
Koha item type Collection code Shelving location Accession Number Permanent Location Current Location Date acquired Full call number
BooksReferenceReference4881Chapman LibraryChapman Library2017-02-25REF BS 440 the
BooksReferenceReference4882Chapman LibraryChapman Library2017-02-25REF BS 440 the
BooksReferenceReference4883Chapman LibraryChapman Library2017-02-25REF BS 440 the
BooksReferenceReference4884Chapman LibraryChapman Library2017-02-25REF BS 440 the
BooksReferenceReference4885Chapman LibraryChapman Library2017-02-25REF BS 440 the
BooksReferenceReference4886Chapman LibraryChapman Library2017-02-25REF BS 440 the
BooksReferenceReference4887Chapman LibraryChapman Library2017-02-25REF BS 440 the
BooksReferenceReference4888Chapman LibraryChapman Library2017-02-25REF BS 440 the
BooksReferenceReference4889Chapman LibraryChapman Library2017-02-25REF BS 440 the
BooksReferenceReference4890Chapman LibraryChapman Library2017-02-25REF BS 440 the


CSUC Chapman Library is a Koha Automated Library.


Contact us: library@csuc.edu.gh.